Tuyển tập Ngô Tất Tố [ trọn bộ 2 tập ]; T1
Spremljeno u:
| Glavni autor: | |
|---|---|
| Format: | Knjiga |
| Jezik: | Undetermined |
| Izdano: |
Hà Nội
Văn học
1993
|
| Teme: | |
| Oznake: |
Dodaj oznaku
Bez oznaka, Budi prvi tko označuje ovaj zapis!
|
| Thư viện lưu trữ: | Trung tâm Học liệu Trường Đại học Cần Thơ |
|---|
| LEADER | 00539nam a2200169Ia 4500 | ||
|---|---|---|---|
| 001 | CTU_46875 | ||
| 008 | 210402s9999 xx 000 0 und d | ||
| 082 | |a 895.922331 | ||
| 082 | |b T450t/T1 | ||
| 100 | |a Ngô Tất Tố | ||
| 245 | 0 | |a Tuyển tập Ngô Tất Tố [ trọn bộ 2 tập ]; T1 | |
| 245 | 0 | |c Ngô Tất Tố | |
| 260 | |a Hà Nội | ||
| 260 | |b Văn học | ||
| 260 | |c 1993 | ||
| 650 | |a vietnamese fiction - 20th century - collections | ||
| 980 | |a Trung tâm Học liệu Trường Đại học Cần Thơ | ||